000 00751nam a2200253 i 4500
001 C2-0226733
003 PPAK
005 20180728154400.0
008 000629s1999 vaua|||| ||||| | eng d
020 _a0783529295
040 _aPPAK
_beng
_cPPAK
_erda
082 0 4 _a551.3
_223
090 0 0 _a551.3
_bGEO
_dR
245 0 0 _aGeology and change
264 1 _aAlexandria, Virginia :
_bTime Life Asia ,
_c1999
300 _a149 pages :
_bcolour illustrations ;
_c31 cm
336 _2rdacontent
_atext
337 _2rdamedia
_aunmediated
338 _2rdacarrier
_avolume
490 1 _aIllustrated encyclopedia of science and nature
650 1 0 _aEnvironmental geology
830 0 _aIllustrated encyclopedia of science and nature
942 _ddc
_cB
999 _c146963
_d146963